Normal view
MARC view
- Mujtaba, Ahmed
Entry Personal Name
001 - CONTROL NUMBER
- control field: 130206
003 - CONTROL NUMBER IDENTIFIER
- control field: NUST
005 - DATE AND TIME OF LATEST TRANSACTION
- control field: 20250801111839.0
008 - FIXED-LENGTH DATA ELEMENTS
- fixed length control field: 250801|| aca||aabn | a|a d
040 ## - CATALOGING SOURCE
- Original cataloging agency: NUST
- Transcribing agency: NUST
100 ## - HEADING--PERSONAL NAME
- Personal name: Mujtaba, Ahmed
670 ## - SOURCE DATA FOUND
- Source citation: Work cat.: (NUST): Mujtaba, Ahmed, Improving the Layout Design of a Denim Manufacturing Facility using Sustainable Value Stream Mapping
